Villes du Poitou-Charente en image - Statistiques

Statistiques générales
  • Ce quiz a été pris 160 fois
  • Le résultat moyen est 9 sur 18
Statistiques - réponses
Par images Hint Réponse % Correct
Charente-Maritime La Rochelle
100%
Vienne Poitiers
93%
Deux-Sèvres Niort
87%
Charente Angoulême
85%
Charente-Maritime Royan
77%
Charente Cognac
63%
Charente-Maritime Rochefort
62%
Charente-Maritime Saintes
55%
Vienne Châtellerault
52%
Deux-Sèvres Parthenay
48%
Deux-Sèvres Bressuire
44%
Vienne Chauvigny
30%
Deux-Sèvres Thouars
28%
Charente Soyaux
21%
Charente Confolens
16%
Vienne Buxerolles
12%
Charente La Couronne
12%
Charente-Maritime Saint-Pierre-d'Oléron
2%
Aucun quiz correspondant
Distribution des résultats
% des personnes avec chaque résultat
Percentile par nombre de réponses
Votre historique - résultats
Vous n’avez pas pris ce quiz